Countries beginning with S - Statistics

General Stats
  • This quiz has been taken 54 times
  • The average score is 22 of 26
Answer Stats
Second Letter Answer % Correct
P Spain
96%
U Sudan
96%
O Somalia
94%
Y Syria
91%
O South Korea
89%
R Sri Lanka
89%
W Sweden
89%
E Senegal
87%
L Slovakia
87%
O South Africa
87%
O South Sudan
87%
A Saint Lucia
85%
W Switzerland
85%
L Slovenia
83%
A Samoa
81%
A Sao Tome and Principe
81%
E Serbia
81%
E Seychelles
81%
A Saint Kitts and Nevis
79%
A San Marino
79%
I Singapore
79%
U Suriname
79%
A Saint Vincent and the Grenadines
74%
O Solomon Islands
74%
A Saudi Arabia
70%
I Sierra Leone
60%
No matching quizzes found
Score Distribution
Percent of People with Each Score
Percentile by Number Answered
Your Score History
You have not taken this quiz